Nghiên cứu nâng cao chất lượng gỗ bằng phương pháp xử lý với một số hóa chất
Tổng quan đề tài. Nguyên liệu thực nghiệm. Kết quả và bàn luận
Enregistré dans:
| Auteur principal: | |
|---|---|
| Autres auteurs: | |
| Format: | Livre |
| Langue: | Vietnamese |
| Publié: |
Đà Nẵng
Đại học Đà Nẵng
2007
|
| Sujets: | |
| Tags: |
Ajouter un tag
Pas de tags, Soyez le premier à ajouter un tag!
|
| Thư viện lưu trữ: | Mạng thư viện Đại học Đà Nẵng |
|---|
| LEADER | 01133nam a2200325 4500 | ||
|---|---|---|---|
| 001 | 000010486 | ||
| 003 | 6691 | ||
| 005 | 20111214091223.0 | ||
| 008 | 111214s2007 viesd | ||
| 041 | |a vie | ||
| 072 | |a Luận văn Thạc sĩ Khoa học | ||
| 082 | |a 674.386 |b ĐA-M | ||
| 100 | |a Đào Lục Minh | ||
| 245 | |a Nghiên cứu nâng cao chất lượng gỗ bằng phương pháp xử lý với một số hóa chất |c Đào Lục Minh | ||
| 260 | |a Đà Nẵng |b Đại học Đà Nẵng |c 2007 | ||
| 300 | |a 82tr. |c 29 cm | ||
| 500 | |a Luận văn Thạc sĩ Khoa học. Chuyên ngành: Hóa hữu cơ. Mã số: 60.44.27 | ||
| 520 | |a Tổng quan đề tài. Nguyên liệu thực nghiệm. Kết quả và bàn luận | ||
| 653 | |a Hóa học | ||
| 653 | |a Luận văn Thạc sĩ | ||
| 653 | |a chất lượng gỗ | ||
| 700 | |a Đào Hùng Cường |c PGS.TS |e Hướng dẫn | ||
| OWN | |a LSP | ||
| 999 | |a From the UDN01 | ||
| TYP | |a Monograph | ||
| TYP | |a Printed language | ||
| 980 | |a Mạng thư viện Đại học Đà Nẵng | ||